AU LIBRARIES
Centralized Library System Across Seven Campuses

Foundations of Shari'ah Governance of Islamic Banks (Record no. 47440)

MARC details
000 -LEADER
fixed length control field 00504nam a22001817a 4500
005 - DATE AND TIME OF LATEST TRANSACTION
control field 20260430104143.0
008 - FIXED-LENGTH DATA ELEMENTS--GENERAL INFORMATION
fixed length control field 260430b xxu||||| |||| 00| 0 eng d
020 ## - INTERNATIONAL STANDARD BOOK NUMBER
ISBN 9781118460771
037 ## - SOURCE OF ACQUISITION
Source of stock number/acquisition Allied book
Terms of availability PKR 11225.70
082 ## - DEWEY DECIMAL CLASSIFICATION NUMBER
Classification number 332.109
Author Mark GIN-F
100 ## - MAIN ENTRY--AUTHOR
Author Name Ginena, Karim
-- Hamid, Azhar
245 ## - TITLE STATEMENT
Title Foundations of Shari'ah Governance of Islamic Banks
260 ## - PUBLICATION, DISTRIBUTION, ETC.
Place of Publication London:
Name of publisher, distributor, etc. John Wiley,
Date of publication, distribution, etc. 2015
300 ## - PHYSICAL DESCRIPTION
Pages 405 p.
500 ## - GENERAL NOTE
General note Includes Index.
650 ## - SUBJECT ADDED ENTRY--TOPICAL TERM
Subject / Department Business Finance
942 ## - ADDED ENTRY ELEMENTS (KOHA)
Koha item type Book
Holdings
Withdrawn status Lost status Damaged status Not for loan Collection code Permanent Location Current Location Shelving Location Date acquired Source of acquisition Price Inventory number Total Checkouts Full Call Number Accession No./Barcode Date last seen Koha item type
        Finance Air University Kharian Campus Library Air University Kharian Campus Library Finance 04/09/2026 Ali Book Services 2186.00 KA/10221   332.109 GIN-F AUKHP0618 04/30/2026 Book
Air University Sector E-9, Islamabad Pakistan
Email: librarian@au.edu.pk  Tel : +0092 51 9262612 Ext: 631